Právní, kriminalistické a kybernetické aspekty kybernetické kriminality a bezpečnosti /

Salvato in:
Dettagli Bibliografici
Autori principali: Porada, Viktor (Autore), Rais, Karel (Autore)
Natura: Libro
Lingua:ceco
Pubblicazione: Brno Akademické nakladatelství CERM 2021
Edizione:1. vyd.
Soggetti:
Tags: Aggiungi Tag
Nessun Tag, puoi essere il primo ad aggiungerne!!

MARC

LEADER 00000nam a22000003a 4500
001 0094560
003 SK-STU
005 20220323110424.8
007 ta
008 220323s ----xo-----e------000-0-----d
020 |a 978-80-7623-065-1 
040 |a STU  |b slo 
041 0 |a cze  |h cze 
044 |a xr 
100 1 |a Porada, Viktor  |4 aut 
245 1 0 |a Právní, kriminalistické a kybernetické aspekty kybernetické kriminality a bezpečnosti /  |c aut. Viktor Porada, Karel Rais 
250 |a 1. vyd. 
260 |a Brno  |b Akademické nakladatelství CERM  |c 2021 
300 |a 468 s. 
650 0 7 |a právo, kybernetická bezpečnosť 
700 1 |a Rais, Karel  |4 aut 
996 |c I*6B6829  |l I  |s A  |a 24  |w 0094560_0001